Score 0/40 Timer 05:00
2 Plays Today
% Correct
Shrek
92.4%
Shaggy
91.9%
Sherwood
88.7%
Sherbet
88.6%
Shamrock
88.3%
Shaq
88.2%
Shining
87.6%
Shakira
86.9%
Sherlock
86%
Shuttlecock
85.6%
S.H.I.E.L.D.
84.9%
Shortstop
84.5%
Sheraton
83.9%
Shetland
83.3%
Shutout
83.2%
Shah
82.4%
Shih-Tzu
81.8%
Shreveport
79.8%
Shutterfly
78.8%
Shark
77.5%
% Correct
Shakespeare
76%
Shepherd
75.8%
Shimmy
71.6%
Shire
71.6%
Shoeless
68%
Sheriff
66.2%
Shillelagh
62.6%
Shue
61.6%
Showboat
61.5%
Shylock
58.6%
Shakers
56%
Shout
52.8%
Shaft
51.8%
Shane
48.9%
Shogun
41.8%
Shine
41.4%
Shadow
41.4%
Shattered
33.9%
Shivers
31%
Shame
21.6%
Remove Ads.
Support Sporcle.
Get the best of Sporcle when you Go Orange. This ad-free experience offers more features, more stats, and more fun while also helping to support Sporcle. Thank you for becoming a member.

You're not logged in!

Compare scores with friends on all Sporcle quizzes.
OR
Log In

Show Comments

Extras

Top Quizzes Today


Score Distribution

Your Account Isn't Verified!

In order to create a playlist on Sporcle, you need to verify the email address you used during registration. Go to your Sporcle Settings to finish the process.

Report this User

Report this user for behavior that violates our Community Guidelines.

Details: